| 000 | 01262cam a22002891i 4500 | ||
|---|---|---|---|
| 003 | SA-RiAUC | ||
| 005 | 20251229103516.0 | ||
| 008 | 251124s2009 ua g 0001p ara c | ||
| 020 | _a9771023993 | ||
| 040 |
_aSA-JeALM _bara _cSA-RiAUC. _erda |
||
| 082 | 0 | 4 |
_a811.9531 _qSA-RiAUC |
| 090 |
_a811.9531 _bا ش م |
||
| 100 | 1 |
_aأشموني، منصور بن محمد علي _eمؤلف. |
|
| 245 | 1 | 0 |
_aشاعر من نسيج مكي : _bمجموعة شعرية / _cمنصور بن محمد علي أشموني ؛ تقديم محمد علي بن منصور أشموني. |
| 250 | _aالطبعة الأولى. | ||
| 264 | 1 |
_aالقاهرة : _bدار الفكر العربي، _c2009 |
|
| 300 |
_a114 صفحة ؛ _c19 سم. |
||
| 336 |
_aنص _btxt _2rdacontent _3كتاب |
||
| 337 |
_aبدون وسيط _bn _2rdamedia |
||
| 338 |
_aمجلد _bnc _2rdacarrier |
||
| 490 | 1 |
_aالمكتبة المكية ؛ _v2 |
|
| 500 | _aإهداء من المؤلف منصور بن محمد علي أشموني بتاريخ 1430/2/12 هـ | ||
| 650 | 7 |
_aالشعر العربي _zالسعودية _yقرن 14 هجري. _2aucsh |
|
| 700 | 1 |
_aأشموني، محمد علي بن منصور _eمقدم. |
|
| 942 |
_2ddc _cBOOK _n0 |
||
| 949 |
_aSA-JeALM _d251124 _umohamedma123 _n1 |
||
| 999 |
_c13795 _d13795 |
||